000
00306nam a2200121Ia 4500
008
220120s9999||||xx |||||||||||||| ||und||
082
_a
823 CHI
100
_a
Child, Lee
_9
11961
245
2
_a
A wanted man : a Reacher novel
260
_a
Dell
_b
New Delhi
_c
2013
300
_a
341p.
_b
0
650
_a
MATHEMATICS
999
_c
137509
_d
137509